| 000 | 00498nam a2200169 a 4500 | ||
|---|---|---|---|
| 005 | 20140414132112.0 | ||
| 008 | 100823s19uu xx 00 eng d | ||
| 050 |
_aVCD _bB96 2009 |
||
| 100 | _aLucado, Max | ||
| 245 |
_aFlow show creates a buzz (The): _bsaying you're sorry. |
||
| 260 |
_aNew York : _bTommy Nelson, _c2009. |
||
| 440 | _aMax Lucado's Hermie and Friends | ||
| 500 | _aRunning time approx: 35 mins.;color;stereo | ||
| 650 | _aHumility | ||
| 650 | _aForgiveness | ||
| 999 |
_c114772 _d114772 |
||